Visualizzazione normale
Vista MARC
- Giuseppe Beschin
di Personal Name
Records bibliografici associati: 1
001 - CONTROL NUMBER
- control field: 35544
003 - CONTROL NUMBER IDENTIFIER
- control field: IT-RoPau
005 - DATE AND TIME OF LATEST TRANSACTION
- control field: 20150726113157.0
008 - FIXED-LENGTH DATA ELEMENTS
- fixed length control field: 150726|| aca||aabn | a|a d
040 ## - CATALOGING SOURCE
- Original cataloging agency: IT-RoPau
- Transcribing agency: IT-RoPau
100 ## - HEADING--PERSONAL NAME
- Personal name: Giuseppe Beschin
670 ## - SOURCE DATA FOUND
- Source citation: Work cat.: (IT-RoPau)27056: Giuseppe Beschin, Sant ’Agostino, il significato dell’amore